000 00203nam a2200085Ia 4500
008 120527s9999 xx 000 0 und d
100 _aKOTLER & ARMSTRONG
245 _aPrinciples of marketings
942 _cBK
999 _c27165
_d27165